000 00762nam a2200265Ia 4500
003 OSt
005 20220918164853.0
006 a|||||r|||| 00| 0
007 ta
008 220917b |||||||| |||| 00| 0 eng d
020 _a0803976321 (pbk)
024 _a27,258
037 _cTextual
040 _aARTS
_cARTS
_beng
041 _2eng
_aeng
082 _a#:(:f), N7 (SD)
100 _aMiler Gale ed
_921384
245 0 _aContext and method in qualitative research
260 _aLondon
_bSage Pub
_c1997
300 _aviii,226p.
_ccm.
650 _aSOCIAL SCIENCES; RESEARCH METHODS
_94097
700 _a Dingwall Robert ed
_921385
942 _h#:(:f), N7 (SD)
_cTEXL
_2CC
999 _c127125
_d127125